LIBRARY & INFORMATION CENTRE, KCAET, TAVANUR

ONLINE PUBLIC ACCESS CATALOGUE (OPAC)

More food for the soil, Part 1 & 2 / (Record no. 9659)

MARC details
000 -LEADER
fixed length control field 00379cam a2200157ua 4500
003 - CONTROL NUMBER IDENTIFIER
control field OSt
008 - FIXED-LENGTH DATA ELEMENTS--GENERAL INFORMATION
fixed length control field 260425b |||||||| |||| 00| 0 eng d
041 ## - LANGUAGE CODE
Language code of text/sound track or separate title eng
082 ## - DEWEY DECIMAL CLASSIFICATION NUMBER
Classification number 631.8
Item number CRO/MO
100 ## - MAIN ENTRY--AUTHOR NAME
Personal name Cross, Gwen .
245 ## - TITLE STATEMENT
Title More food for the soil, Part 1 & 2 /
260 ## - PUBLICATION, DISTRIBUTION, ETC. (IMPRINT)
Place of publication London :
Name of publisher Longman ,
Year of publication 1964.
300 ## - PHYSICAL DESCRIPTION
Number of Pages 40 ; .
942 ## - ADDED ENTRY ELEMENTS (KOHA)
Koha item type Books
Holdings
Withdrawn status Lost status Damaged status Home library Current library Date acquired Accession Number Koha item type
      KAUAET KAUAET 07/04/2012 12603 Books
free website counter